000 00651nam a2200181Ia 4500
001 17128
005 20260306170402.0
008 260306t2017||||xx |||||||||||||| ||und||
041 _aESP
082 _a657.46
_bB45M
100 _aBernal Rojas, Josué Alfredo
_eAUT
245 0 _aManual práctico del impuesto a la renta 2016 - 2017, nuevo régimen MYPE tributario efectos del aumento de tasa en el impuesto a la renta diferido:
_bnuevo régimen MYPE tributario efectos del aumento de tasa en el impuesto a la renta diferido
260 _c2017
300 _a772 pàginas :
_c24 cm.
650 _aGEN
654 _aCCO
942 _cLIB
_dJUS
_fJUS
_2ddc
_n
999 _c17128
_d17128